000 00914nam0a2200289 4500
001 RU\NLR\bibl\457628
005 20260408180512.0
021 _aRU
_b2003-50433
_92436
035 _a(NLR Aleph) 000451147
090 _a874748
_c874748
100 _a20031111d2003 u y0rusy50 ca
101 0 _arus
102 _aRU
105 _ay |||||||||
200 1 _aТорговый дом Евразхолдинг
_eКат. продукции
210 _aМ.
_cБ. и.
_d2003
215 _a127, [1] с.
_d30
313 _aМеталлопрокат
606 _aПрокат (мет.)
_jКаталоги
_91970296
_3RU\NLR\auth\66902720
686 _aК621-9я87
710 0 2 _a"ЕвразХолдинг", торговый дом
_cМосква
_9599753
_3RU\NLR\AUTH\8810049807
801 0 _aRU
_bNLR
_c20031111
_gPSBO
801 1 _aRU
_bNLR
_c20031111
942 _cBOOK
980 _aNB